[Event "Gausdal Troll Masters"]
[Site "Gausdal, Norway"]
[Date "2003.01.14"]
[Round "9"]
[White "Rozentalis, Eduardas"]
[Black "Hanley, Craig"]
[Result "1-0"]
[WhiteElo "2585"]
[BlackElo "2359"]
[PlyCount "45"]
[EventDate "2003.01.??"]
[Source "EeEk"]
[SourceDate "2003.01.08"]

1. e4 e6 2. d4 d5 3. Nd2 Nf6 4. e5 Nfd7 5. Bd3 c5 6. c3 Nc6 7. Ne2 cxd4 8. cxd4
f6 9. exf6 Nxf6 10. Nf3 Bd6 11. O-O Qc7 12. Bg5 O-O 13. Rc1 Nh5 14. Ng3 Nxg3
15. hxg3 h6 16. Be3 Rf6 17. Bb1 Qf7 18. Qd3 Bd7 19. Ne5 Bxe5 20. Qh7+ Kf8 21.
dxe5 Rf5 22. Bc5+ Ne7 23. Bxf5 1-0

[Event "Gausdal Troll Masters"]
[Site "Gausdal, Norway"]
[Date "2003.01.14"]
[Round "9"]
[White "Miezis, Normunds"]
[Black "Lugovoi, Aleksei"]
[Result "1-0"]
[WhiteElo "2523"]
[BlackElo "2540"]
[PlyCount "79"]
[EventDate "2003.01.??"]
[Source "EeEk"]
[SourceDate "2003.01.08"]

1. c4 Nf6 2. Nc3 e5 3. g3 c6 4. d4 exd4 5. Qxd4 d5 6. cxd5 cxd5 7. Bg2 Nc6 8.
Qa4 Be6 9. Nf3 Bc5 10. Ne5 O-O 11. Nd3 Bb6 12. Bg5 h6 13. Bxf6 Qxf6 14. O-O d4
15. Nd5 Bxd5 16. Bxd5 Rfe8 17. Bf3 Rab8 18. b4 Qe7 19. Rac1 Ne5 20. Nxe5 Qxe5
21. Qb3 Qe6 22. Qxe6 Rxe6 23. a4 Bd8 24. Rfd1 Rd6 25. Rc5 Kf8 26. Be4 Re6 27.
Bf3 Rd6 28. h4 g6 29. h5 g5 30. Kg2 b6 31. Rc2 a5 32. Rb1 axb4 33. Rxb4 d3 34.
exd3 Rxd3 35. Rc6 Kg7 36. a5 b5 37. a6 Ra3 38. Rd4 b4 39. Rd7 Bb6 40. Bd5 1-0

[Event "Gausdal Troll Masters"]
[Site "Gausdal, Norway"]
[Date "2003.01.14"]
[Round "9"]
[White "Ovsejevitsch, Sergei"]
[Black "Bluvshtein, Mark"]
[Result "1/2-1/2"]
[WhiteElo "2517"]
[BlackElo "2461"]
[PlyCount "42"]
[EventDate "2003.01.??"]
[Source "EeEk"]
[SourceDate "2003.01.08"]

1. d4 e6 2. c4 d5 3. Nc3 c5 4. cxd5 exd5 5. Nf3 Nc6 6. g3 Nf6 7. Bg2 Be7 8. O-O
O-O 9. Bg5 c4 10. Ne5 Be6 11. b3 Qa5 12. Nxc6 bxc6 13. Na4 Rac8 14. Bd2 Qb5 15.
Re1 Ne4 16. Nc3 Nxc3 17. Bxc3 c5 18. e4 cxd4 19. Qxd4 Bf6 20. Qe3 Bxc3 21. Qxc3
cxb3 1/2-1/2

[Event "Gausdal Troll Masters"]
[Site "Gausdal, Norway"]
[Date "2003.01.14"]
[Round "9"]
[White "Kallio, Heikki"]
[Black "Kovalevskaya, Ekaterina"]
[Result "1/2-1/2"]
[WhiteElo "2474"]
[BlackElo "2452"]
[PlyCount "119"]
[EventDate "2003.01.??"]
[Source "EeEk"]
[SourceDate "2003.01.08"]

1. Nf3 Nf6 2. g3 g6 3. Bg2 Bg7 4. O-O O-O 5. c4 d6 6. Nc3 e5 7. d3 Nc6 8. Rb1
a5 9. a3 Ne7 10. b4 axb4 11. axb4 c6 12. b5 Ne8 13. bxc6 bxc6 14. Qc2 Bd7 15.
Na4 Ra6 16. c5 d5 17. Nb6 Nc7 18. Bb2 f6 19. Nxd7 Qxd7 20. e4 Qe6 21. Rfe1 d4
22. Nd2 Ra5 23. Ra1 Rfa8 24. h4 Bf8 25. Kh2 g5 26. hxg5 fxg5 27. Nc4 Rxa1 28.
Rxa1 Rxa1 29. Bxa1 Ng6 30. Qe2 g4 31. Bb2 Bxc5 32. Bc1 Ne8 33. Kg1 Nd6 34. Nxd6
Bxd6 35. Qc2 Be7 36. Bf1 h5 37. Be2 Kg7 38. Bd1 Qd6 39. Qd2 Nf8 40. Ba4 Nh7 41.
Qa5 h4 42. Bb3 hxg3 43. fxg3 Bg5 44. Qa7+ Qe7 45. Qxe7+ Bxe7 46. Be6 Nf6 47.
Bd2 Bd6 48. Kf2 Kg6 49. Ke2 Kg7 50. Kd1 Kf8 51. Bg5 Be7 52. Bd2 Ba3 53. Kc2 c5
54. Bg5 Kg7 55. Kb3 Bb4 56. Kc4 Be1 57. Bh4 Nh5 58. Bxg4 Bxg3 59. Be7 Nf4 60.
Bxc5 1/2-1/2

[Event "Gausdal Troll Masters"]
[Site "Gausdal, Norway"]
[Date "2003.01.14"]
[Round "9"]
[White "Womacka, Mathias"]
[Black "Molander, Riku"]
[Result "1/2-1/2"]
[WhiteElo "2496"]
[BlackElo "2291"]
[PlyCount "68"]
[EventDate "2003.01.??"]
[Source "EeEk"]
[SourceDate "2003.01.08"]

1. e4 c5 2. Nf3 d6 3. d4 cxd4 4. Nxd4 Nf6 5. Nc3 g6 6. Be3 Bg7 7. f3 O-O 8. Qd2
Nc6 9. O-O-O Nxd4 10. Bxd4 Be6 11. Kb1 Qc7 12. Nd5 Bxd5 13. exd5 Rfc8 14. Rc1
a5 15. g4 a4 16. g5 Nh5 17. Bxg7 Nxg7 18. Bh3 Nf5 19. Bxf5 gxf5 20. a3 Ra5 21.
Rhe1 Rb5 22. Qd4 Qc3 23. Qxc3 Rxc3 24. Rxe7 Rxa3 25. Rf1 Rc3 26. Kc1 Rc4 27.
Rd7 Rcb4 28. Re1 Rxb2 29. Ree7 Rb1+ 30. Kd2 Rxd5+ 31. Kc3 Rc5+ 32. Kd2 Rd5+ 33.
Kc3 Rc5+ 34. Kd2 Rd5+ 1/2-1/2

[Event "Gausdal Troll Masters"]
[Site "Gausdal, Norway"]
[Date "2003.01.14"]
[Round "9"]
[White "Agopov, Mikael"]
[Black "Bisby, Daniel"]
[Result "1/2-1/2"]
[WhiteElo "2376"]
[BlackElo "2283"]
[PlyCount "66"]
[EventDate "2003.01.??"]
[Source "EeEk"]
[SourceDate "2003.01.08"]

1. e4 c5 2. Nf3 d6 3. d4 cxd4 4. Nxd4 Nf6 5. Nc3 g6 6. Be3 Bg7 7. f3 Nc6 8. Qd2
O-O 9. Bc4 Bd7 10. O-O-O Qa5 11. Bb3 Rfc8 12. Kb1 Ne5 13. h4 b5 14. Ncxb5 Qxd2
15. Rxd2 Rab8 16. Nc3 a5 17. a4 Nc4 18. Bxc4 Rxc4 19. Rd3 Rcb4 20. b3 Bxa4 21.
Nxa4 Rxa4 22. e5 Nd7 23. exd6 exd6 24. Rhd1 Ne5 25. Rc3 Rab4 26. Rc7 a4 27. Bf2
axb3 28. Nxb3 Nc4 29. Ra7 Rxb3+ 30. cxb3 Rxb3+ 31. Kc1 Rc3+ 32. Kb1 Rb3+ 33.
Kc1 Rc3+ 1/2-1/2

[Event "Gausdal Troll Masters"]
[Site "Gausdal, Norway"]
[Date "2003.01.14"]
[Round "9"]
[White "Shumiakina, Tatiana"]
[Black "Tallaksen, Geir Sune"]
[Result "1/2-1/2"]
[WhiteElo "2364"]
[BlackElo "2258"]
[PlyCount "120"]
[EventDate "2003.01.??"]
[Source "EeEk"]
[SourceDate "2003.01.08"]

1. d4 Nf6 2. c4 e6 3. g3 d5 4. Bg2 dxc4 5. Qa4+ Bd7 6. Qxc4 Bc6 7. Nf3 Bd5 8.
Qd3 Be4 9. Qd1 c5 10. Nc3 Bc6 11. O-O Be7 12. dxc5 Na6 13. Qc2 Qc8 14. e4 O-O
15. Ne5 Be8 16. Qe2 Nd7 17. Nc4 Ndxc5 18. Bf4 Na4 19. Nxa4 Bxa4 20. Rac1 Bb5
21. a4 Bxa4 22. Qg4 e5 23. Qxc8 Raxc8 24. Nxe5 Nb4 25. Bh3 Rxc1 26. Rxc1 Bd6
27. Ng6 Bxf4 28. Nxf4 Bc6 29. Bg2 Re8 30. Nd5 Nd3 31. Rb1 Nc5 32. f3 f5 33. Nb4
Bb5 34. exf5 a5 35. Nd5 Bd3 36. Rc1 Nb3 37. Rc8 Rxc8 38. Ne7+ Kf8 39. Nxc8 b5
40. Nd6 Nc5 41. Bf1 b4 42. Nb7 Nxb7 43. Bxd3 a4 44. Kf1 a3 45. bxa3 bxa3 46.
Bb1 Na5 47. Ke2 Nc6 48. Kd3 Nb4+ 49. Kc4 a2 50. Bxa2 Nxa2 51. Kb3 Nc1+ 52. Kc2
Ne2 53. Kd3 Ng1 54. Ke3 Nh3 55. f4 Kf7 56. Kf3 Kf6 57. Kg2 Nxf4+ 58. gxf4 Kxf5
59. Kf3 h5 60. h3 g5 1/2-1/2

[Event "Gausdal Troll Masters"]
[Site "Gausdal, Norway"]
[Date "2003.01.14"]
[Round "9"]
[White "Leer-Salvesen, Bjarte"]
[Black "Carlsen, Magnus"]
[Result "0-1"]
[WhiteElo "2329"]
[BlackElo "2279"]
[PlyCount "66"]
[EventDate "2003.01.??"]
[Source "EeEk"]
[SourceDate "2003.01.08"]

1. c4 Nf6 2. g3 e6 3. Bg2 d5 4. Nf3 Be7 5. O-O O-O 6. Qc2 c5 7. d4 Nc6 8. dxc5
d4 9. Rd1 e5 10. Nbd2 Bxc5 11. Nb3 Be7 12. h3 Be6 13. Ng5 Nb4 14. Nxe6 Nxc2 15.
Nxd8 Nxa1 16. Nxb7 Nxb3 17. axb3 a5 18. Bg5 a4 19. bxa4 Rxa4 20. c5 Rc4 21. c6
Rc2 22. Rd2 Rc1+ 23. Kh2 h6 24. Bxf6 gxf6 25. Be4 Rc8 26. g4 Bb4 27. Rd3 Re1
28. Bf3 Re8 29. Rb3 Bf8 30. Be4 Rxe2 31. Bf5 e4 32. c7 d3 33. Nd8 Bd6+ 0-1

[Event "Gausdal Troll Masters"]
[Site "Gausdal, Norway"]
[Date "2003.01.14"]
[Round "9"]
[White "Martinsen, Stig K"]
[Black "Johansen, Paul"]
[Result "1-0"]
[WhiteElo "2085"]
[BlackElo "2239"]
[PlyCount "119"]
[EventDate "2003.01.??"]
[Source "EeEk"]
[SourceDate "2003.01.08"]

1. d4 Nf6 2. Nf3 d6 3. Nc3 Bf5 4. Bg5 Nbd7 5. Nh4 g6 6. Nxf5 gxf5 7. Qd3 e6 8.
d5 a6 9. e4 Rg8 10. f4 Nc5 11. Qh3 Rxg5 12. fxg5 Nfxe4 13. Nxe4 Nxe4 14. dxe6
fxe6 15. Bd3 Nxg5 16. Qh5+ Nf7 17. O-O Qf6 18. Rae1 Kd7 19. Kh1 Qg6 20. Rxf5
Qxh5 21. Rxh5 h6 22. Rf1 Ne5 23. Be2 Bg7 24. g4 Ke7 25. Kg2 Nf7 26. Rh3 Rg8 27.
Rb3 Nd8 28. h4 Be5 29. Kh3 a5 30. Rb1 b6 31. Rf3 Nc6 32. c3 Bg7 33. Rbf1 Ne5
34. Rf4 Bh8 35. R4f2 d5 36. Bd1 c5 37. Rg2 Nc4 38. Rf3 d4 39. cxd4 Bxd4 40. b3
Ne3 41. Rg1 e5 42. Be2 Rg7 43. Bd3 Ke6 44. Re1 Nd5 45. Bc4 b5 46. Bxb5 Kd6 47.
Rf8 Nf4+ 48. Kg3 Ne6 49. Rf6 e4 50. Rxh6 Ke5 51. Rh5+ Kd6 52. Rxe4 Rg6 53. Bc4
Ng7 54. Rd5+ Kc6 55. g5 Nh5+ 56. Kg4 Nf6+ 57. Kf5 Nxe4 58. Kxg6 a4 59. Rf5 a3
60. Bd5+ 1-0

[Event "Gausdal Troll Masters"]
[Site "Gausdal, Norway"]
[Date "2003.01.14"]
[Round "9"]
[White "Ask, Josef"]
[Black "Berg, Olaf"]
[Result "0-1"]
[WhiteElo "2128"]
[BlackElo "2065"]
[PlyCount "74"]
[EventDate "2003.01.??"]
[Source "EeEk"]
[SourceDate "2003.01.08"]

1. e4 c5 2. Nf3 d6 3. d4 cxd4 4. Nxd4 Nf6 5. Nc3 a6 6. a4 e5 7. Nb3 Be7 8. Be2
O-O 9. a5 Be6 10. Bg5 Nbd7 11. O-O Rc8 12. f3 Qc7 13. Qd2 h6 14. Be3 Qc6 15.
Rfd1 Rfd8 16. Rac1 Nc5 17. Nd5 Bxd5 18. exd5 Qc7 19. Nxc5 dxc5 20. c4 Bd6 21.
Bd3 e4 22. Bxe4 Bxh2+ 23. Kh1 Nh5 24. f4 Ng3+ 25. Kxh2 Nxe4 26. Qd3 Qe7 27. g3
f5 28. Re1 Qf6 29. Rc2 Rd7 30. Rb1 Qg6 31. Bf2 Re8 32. Bg1 Qh5+ 33. Kg2 g5 34.
fxg5 hxg5 35. Bf2 Rh7 36. Kf1 Qh3+ 37. Ke2 Nc3+ 0-1

[Event "Gausdal Troll Masters"]
[Site "Gausdal, Norway"]
[Date "2003.01.14"]
[Round "9"]
[White "Svensen, Tarjei Joten"]
[Black "Westerinen, Heikki"]
[Result "0-1"]
[WhiteElo "2074"]
[BlackElo "2374"]
[PlyCount "96"]
[EventDate "2003.01.??"]
[Source "EeEk"]
[SourceDate "2003.01.08"]

1. d4 Nf6 2. Bg5 e6 3. e4 h6 4. Bxf6 Qxf6 5. Nc3 Bb4 6. Qd2 d5 7. e5 Qd8 8. a3
Be7 9. f4 c5 10. Nf3 Nc6 11. dxc5 Bxc5 12. Nb5 O-O 13. Nbd4 Nxd4 14. Nxd4 f6
15. O-O-O fxe5 16. fxe5 Bd7 17. Nb3 Rf2 18. Qd3 Qg5+ 19. Kb1 Bb6 20. Re1 Rc8
21. Re2 Ba4 22. Rxf2 Bxf2 23. Qh3 Qxe5 24. Bd3 Bxb3 25. cxb3 Qe3 26. Qxe3 Bxe3
27. Re1 d4 28. Bc4 Kf7 29. Rf1+ Ke7 30. a4 a6 31. h4 Rc7 32. Rf3 Kd6 33. g4 e5
34. Rf5 Bf4 35. g5 hxg5 36. hxg5 Kc5 37. Bd3 Kb4 38. Ka2 Re7 39. g6 Bh6 40. Be4
b5 41. Rf8 Rd7 42. Rb8 d3 43. axb5 axb5 44. Bc6 Ra7+ 45. Kb1 Ra5 46. Be4 d2 47.
Kc2 Ra1 48. Bf3 e4 0-1

[Event "Gausdal Troll Masters"]
[Site "Gausdal, Norway"]
[Date "2003.01.14"]
[Round "9"]
[White "Glenne, Bjørn Erik"]
[Black "Hole, Øystein"]
[Result "1/2-1/2"]
[WhiteElo "2203"]
[BlackElo "2252"]
[PlyCount "138"]
[EventDate "2003.01.??"]
[Source "EeEk"]
[SourceDate "2003.01.08"]

1. d4 d5 2. c4 c6 3. Nf3 Nf6 4. e3 Bf5 5. Nc3 e6 6. Nh4 Be4 7. f3 Bg6 8. Nxg6
hxg6 9. g3 Bd6 10. Kf2 Qc7 11. Bd3 dxc4 12. Bxc4 Rxh2+ 13. Rxh2 Bxg3+ 14. Kg2
Bxh2 15. f4 Bxf4 16. exf4 Nbd7 17. Be3 Nb6 18. Bb3 O-O-O 19. Qf3 Rh8 20. Rh1
Rh6 21. Kf2 Qd8 22. Ke2 Qh8 23. Rxh6 gxh6 24. Qh3 h5 25. Bxe6+ fxe6 26. Qxe6+
Nbd7 27. f5 gxf5 28. Qxf5 h4 29. Kf1 h3 30. Kg1 Qg8+ 31. Bg5 Qg7 32. Kh2 Nh7
33. Ne4 Nxg5 34. Qxg5 Qxd4 35. Qg8+ Kc7 36. Qg3+ Qe5 37. Kxh3 Qxg3+ 38. Kxg3
Kb6 39. Kf3 Nc5 40. Nc3 Nd3 41. b3 Kc5 42. Ke3 Ne5 43. Kd2 a5 44. a3 Ng6 45.
Ke3 b5 46. Ne4+ Kd5 47. Nc3+ Ke5 48. a4 b4 49. Ne4 Ne7 50. Nd2 Nf5+ 51. Kd3 Nd6
52. Nf1 Kd5 53. Ne3+ Kc5 54. Nf1 Nc8 55. Nd2 Nb6 56. Ke4 Kd6 57. Nf3 Nd7 58.
Nd2 Ne5 59. Kd4 c5+ 60. Ke4 Ke6 61. Nf1 Nd7 62. Ne3 c4 63. bxc4 Nc5+ 64. Kd4
Nxa4 65. c5 b3 66. Nd1 b2 67. Nxb2 Nxb2 68. Kc3 Na4+ 69. Kc4 Nxc5 1/2-1/2

[Event "Gausdal Troll Masters"]
[Site "Gausdal, Norway"]
[Date "2003.01.14"]
[Round "9"]
[White "Stokke, Kjetil"]
[Black "Poulsen, Martin"]
[Result "0-1"]
[WhiteElo "2136"]
[BlackElo "2244"]
[PlyCount "72"]
[EventDate "2003.01.??"]
[Source "EeEk"]
[SourceDate "2003.01.08"]

1. d4 Nf6 2. c4 c5 3. d5 b5 4. Nf3 bxc4 5. Nc3 d6 6. e4 Bg4 7. Bxc4 Nbd7 8. O-O
g6 9. h3 Bxf3 10. Qxf3 Bg7 11. Qe2 O-O 12. f4 Ne8 13. Bb5 Nc7 14. Bc6 Rb8 15.
Be3 Rb6 16. Rad1 Nb8 17. Ba4 Qc8 18. Bb3 Qb7 19. e5 Nba6 20. e6 f5 21. Bc1 Nb4
22. Kh2 Bxc3 23. bxc3 Nbxd5 24. Rf3 Nf6 25. g4 Qe4 26. Qg2 fxg4 27. hxg4 Nxg4+
28. Qxg4 Rxb3 29. Rg1 Rb1 30. Rfg3 Nd5 31. Qh5 Rf6 32. f5 Qe5 33. fxg6 Qxh5+
34. Rh3 Rf2+ 35. Kg3 Rf3+ 36. Kh2 Qxh3# 0-1

[Event "Gausdal Troll Masters"]
[Site "Gausdal, Norway"]
[Date "2003.01.14"]
[Round "9"]
[White "Torgersen, Terje"]
[Black "Berning, Boris"]
[Result "1-0"]
[WhiteElo "1790"]
[BlackElo "2240"]
[PlyCount "97"]
[EventDate "2003.01.??"]
[Source "EeEk"]
[SourceDate "2003.01.08"]

1. Nf3 c5 2. e4 e6 3. c4 d6 4. d4 cxd4 5. Nxd4 a6 6. Nc3 Nf6 7. g3 Qc7 8. Qd3
Bd7 9. Bg2 Nc6 10. Nxc6 Bxc6 11. O-O Be7 12. h3 Rc8 13. Bd2 O-O 14. Rac1 b6 15.
Qe3 Qb7 16. Kh2 b5 17. cxb5 axb5 18. b4 Nd7 19. a4 Ne5 20. Nxb5 Bxb5 21. axb5
Nc4 22. Qe2 Qxb5 23. Bc3 e5 24. Rfd1 Bg5 25. Ra1 Qb6 26. h4 Bh6 27. Bh3 Rc7 28.
Be1 Qb7 29. Rdb1 Ra8 30. Rxa8+ Qxa8 31. b5 Qb7 32. b6 Rc6 33. f3 Rxb6 34. Rxb6
Nxb6 35. Qb5 g5 36. hxg5 Bxg5 37. Bf2 Bd8 38. Qe8+ Kg7 39. Qxd8 Nc4 40. Qg5+
Kf8 41. Qc1 Qb3 42. Kg2 Qa2 43. Bd7 Qb3 44. Bc6 Nb2 45. Bd5 Qb4 46. Qh6+ Ke8
47. Qxh7 Nd3 48. Qxf7+ Kd8 49. Be6 1-0

[Event "Gausdal Troll Masters"]
[Site "Gausdal, Norway"]
[Date "2003.01.14"]
[Round "9"]
[White "Fossum, Øystein Bøyum"]
[Black "Harestad, Hans Krogh"]
[Result "0-1"]
[WhiteElo "2167"]
[BlackElo "2236"]
[PlyCount "72"]
[EventDate "2003.01.??"]
[Source "EeEk"]
[SourceDate "2003.01.08"]

1. c4 e5 2. g3 Nf6 3. Bg2 Nc6 4. Nc3 Bc5 5. a3 d6 6. e3 O-O 7. Nge2 Re8 8. d3
a6 9. O-O Ba7 10. h3 Rb8 11. Kh2 Bd7 12. f4 exf4 13. exf4 Nd4 14. Nxd4 Bxd4 15.
g4 Nxg4+ 16. hxg4 Qh4+ 17. Bh3 Re6 18. f5 Be5+ 19. Bf4 Rh6 20. Qf3 Bxf4+ 21.
Kg2 Re8 22. Ne4 Bc6 23. Rh1 Be5 24. Rab1 d5 25. cxd5 Bxd5 26. Kf1 Bxe4 27. Qxe4
Rd6 28. Re1 Qd8 29. Qxb7 Rxd3 30. Bg2 Rd1 31. Qe4 Bg3 32. Qxe8+ Qxe8 33. Rxd1
Qb5+ 34. Kg1 Qc5+ 35. Rd4 Qxd4+ 36. Kf1 Qf2# 0-1

[Event "Gausdal Troll Masters"]
[Site "Gausdal, Norway"]
[Date "2003.01.14"]
[Round "9"]
[White "Nolsøe, Eydun"]
[Black "Andersen, Alf R"]
[Result "0-1"]
[WhiteElo "2236"]
[BlackElo "2142"]
[PlyCount "120"]
[EventDate "2003.01.??"]
[Source "EeEk"]
[SourceDate "2003.01.08"]

1. e4 g6 2. d4 Bg7 3. c4 d6 4. Be3 c5 5. Ne2 Nf6 6. f3 cxd4 7. Nxd4 Nc6 8. Nc3
O-O 9. Qd2 Ne5 10. Be2 Bd7 11. O-O Rc8 12. b3 a6 13. Rac1 Re8 14. Rfd1 Qa5 15.
Bf1 Rcd8 16. Qf2 Rc8 17. Rc2 Qc7 18. Rdc1 Qa5 19. h3 Nc6 20. Nde2 Ne5 21. Nf4
e6 22. Rd1 Bf8 23. Nd3 Nxd3 24. Rxd3 Be7 25. Bb6 Qb4 26. Nb1 Rc6 27. Bd4 Qa5
28. Rcd2 e5 29. Be3 Nh5 30. g3 Be6 31. f4 f6 32. f5 Bf7 33. g4 Nf4 34. Bxf4
exf4 35. Qxf4 Bd8 36. Nc3 g5 37. Qf3 Qe5 38. Re2 b5 39. cxb5 axb5 40. Nd5 Rc1
41. Kg2 h5 42. Qf2 Qa1 43. Rde3 h4 44. b4 Kg7 45. Rd3 Qb1 46. Rb3 Qa1 47. Rd3
Rc4 48. Re1 Qe5 49. Rde3 Rxe4 50. Rxe4 Bxd5 51. Bd3 Bb6 52. Qf3 Qb2+ 53. R1e2
Qc1 54. Qf1 Qc3 55. Qf3 Qa1 56. Qf1 Qd4 57. Qb1 Bxe4+ 58. Bxe4 Rxe4 59. Qxe4
Qg1+ 60. Kf3 Qg3# 0-1

[Event "Gausdal Troll Masters"]
[Site "Gausdal, Norway"]
[Date "2003.01.14"]
[Round "9"]
[White "Lönngren, Tobias"]
[Black "Gambäck, Björn"]
[Result "1/2-1/2"]
[WhiteElo "2122"]
[BlackElo "2213"]
[PlyCount "141"]
[EventDate "2003.01.??"]
[Source "EeEk"]
[SourceDate "2003.01.08"]

1. d4 d5 2. c4 e6 3. Nf3 c5 4. cxd5 exd5 5. Nc3 Nc6 6. g3 c4 7. Bg2 Bb4 8. O-O
Nge7 9. Bd2 O-O 10. b3 Qa5 11. Qc1 Bg4 12. e3 Bf5 13. a3 Bxc3 14. Bxc3 Qa6 15.
bxc4 Qxc4 16. Qb2 Qa6 17. Rfc1 Rac8 18. a4 b6 19. Qb5 Bd3 20. Qxa6 Bxa6 21. a5
bxa5 22. Bh3 f5 23. Ng5 Rf6 24. Bxa5 Nxa5 25. Rxc8+ Bxc8 26. Rxa5 Ra6 27. Rb5
Rb6 28. Rxb6 axb6 29. Kf1 h6 30. Nf3 Ba6+ 31. Ke1 Kf8 32. Kd2 Ke8 33. Ne5 Kd8
34. Kc3 Kc7 35. Bg2 Kd6 36. Bh3 Kc7 37. Kb4 Kd6 38. f3 Be2 39. Bg2 Nc6+ 40.
Nxc6 Kxc6 41. f4 Kd6 42. Kc3 Ke6 43. Kd2 Bc4 44. Bf3 Kd6 45. Bh5 Ke7 46. Bg6
Kf6 47. Be8 Ke7 48. Bg6 Kf6 49. Bh7 Bf1 50. Kc3 Be2 51. Bg8 Bc4 52. Kb4 Ke7 53.
Bh7 Kf6 54. h4 g6 55. Bg8 Ke7 56. Ka4 Kf6 57. Kb4 Ke7 58. Kc3 Kf6 59. Kc2 Ke7
60. Kd2 h5 61. Kc3 Kf6 62. Kb4 Ke7 63. Kc3 Kf6 64. Kb4 Ke7 65. Kc3 Kf6 66. Kb4
Ke7 67. Kc3 Kf6 68. Kb4 Ke7 69. Kc3 Kf6 70. Kb4 Ke7 71. Kc3 1/2-1/2

[Event "Gausdal Troll Masters"]
[Site "Gausdal, Norway"]
[Date "2003.01.14"]
[Round "9"]
[White "Charleshouse, Glenn"]
[Black "Hörbing, Stefan"]
[Result "1-0"]
[WhiteElo "2284"]
[BlackElo "2038"]
[PlyCount "75"]
[EventDate "2003.01.??"]
[Source "EeEk"]
[SourceDate "2003.01.08"]

1. e4 c5 2. Nf3 e6 3. d4 cxd4 4. Nxd4 a6 5. Bd3 Nf6 6. Nc3 d6 7. f4 Qc7 8. Qf3
Be7 9. Be3 Nc6 10. Nb3 O-O 11. O-O-O e5 12. f5 b5 13. g4 b4 14. Nd5 Nxd5 15.
exd5 Na5 16. Nd2 f6 17. Kb1 Bd7 18. Rc1 Bb5 19. Qe4 Rfc8 20. Qxb4 Rab8 21. Qe4
Qb7 22. b3 Rc3 23. Kb2 Bxd3 24. cxd3 Rxb3+ 25. axb3 Nxb3 26. Kc2 Nxc1 27. Rxc1
Bd8 28. Rb1 Rc8+ 29. Kd1 Qd7 30. Qb4 h5 31. h3 hxg4 32. hxg4 g5 33. Nc4 Qh7 34.
Qxd6 Qh1+ 35. Kc2 Qg2+ 36. Bd2 Rxc4+ 37. dxc4 Qe4+ 38. Kb2 1-0

[Event "Gausdal Troll Masters"]
[Site "Gausdal, Norway"]
[Date "2003.01.14"]
[Round "9"]
[White "Bjørgvik, Jan Arne"]
[Black "Valenti, Giuseppe"]
[Result "0-1"]
[WhiteElo "1609"]
[BlackElo "2230"]
[PlyCount "92"]
[EventDate "2003.01.??"]
[Source "EeEk"]
[SourceDate "2003.01.08"]

1. a3 Nf6 2. d4 e6 3. e3 b6 4. Nf3 Bb7 5. Bd3 Be7 6. O-O c5 7. Re1 Qc7 8. h3 c4
9. Be2 d6 10. Nc3 Nbd7 11. Nd2 b5 12. a4 b4 13. Nb5 Qc6 14. Bf3 d5 15. e4 a6
16. exd5 exd5 17. Qe2 O-O 18. Nxc4 axb5 19. Ne5 Nxe5 20. dxe5 Ne4 21. axb5 Qe6
22. Bf4 Bc5 23. Bxe4 dxe4 24. c3 Rad8 25. Red1 Qb6 26. cxb4 Bxb4 27. Be3 Bc5
28. Rac1 Bxe3 29. fxe3 h6 30. b4 Rxd1+ 31. Rxd1 Rd8 32. Rxd8+ Qxd8 33. Qc2 Qd5
34. Qc5 Qxc5 35. bxc5 Bd5 36. c6 Kf8 37. Kf2 Ke7 38. c7 Bb7 39. Kg3 Ke6 40. Kf4
g5+ 41. Kg4 Kxe5 42. Kh5 f5 43. g3 f4 44. gxf4+ gxf4 45. Kg4 fxe3 46. Kg3 Kd4
0-1

[Event "Gausdal Troll Masters"]
[Site "Gausdal, Norway"]
[Date "2003.01.14"]
[Round "9"]
[White "Astengo, Corrado"]
[Black "Nygren, Kim"]
[Result "1/2-1/2"]
[WhiteElo "2172"]
[BlackElo "2202"]
[PlyCount "35"]
[EventDate "2003.01.??"]
[Source "EeEk"]
[SourceDate "2003.01.08"]

1. e4 c5 2. Nf3 d6 3. d4 cxd4 4. Nxd4 Nf6 5. Nc3 a6 6. Bg5 e6 7. f4 Nc6 8. Qd2
Bd7 9. O-O-O b5 10. Nxc6 Bxc6 11. Qe3 Qa5 12. Kb1 Be7 13. Bd3 h6 14. Bxf6 Bxf6
15. e5 dxe5 16. fxe5 Be7 17. Be4 Bxe4 18. Nxe4 1/2-1/2

[Event "Gausdal Troll Masters"]
[Site "Gausdal, Norway"]
[Date "2003.01.14"]
[Round "9"]
[White "Johansson, Per"]
[Black "Karlsen, Terje"]
[Result "1/2-1/2"]
[WhiteElo "2016"]
[BlackElo "2135"]
[PlyCount "134"]
[EventDate "2003.01.??"]
[Source "EeEk"]
[SourceDate "2003.01.08"]

1. d4 Nf6 2. Nf3 c5 3. d5 e6 4. c4 d6 5. Nc3 exd5 6. cxd5 g6 7. g3 Bg7 8. Bg2
O-O 9. O-O a6 10. a4 Nbd7 11. a5 Re8 12. Nd2 b5 13. axb6 Nxb6 14. Nb3 Bd7 15.
Na5 Qc7 16. Bf4 Bb5 17. Re1 Nfd7 18. Ne4 Rxe4 19. Bxe4 Bxb2 20. Qd2 Bxa1 21.
Rxa1 Re8 22. Bf3 Ne5 23. Bg2 Qe7 24. e4 Nbc4 25. Nxc4 Bxc4 26. Rb1 Qc7 27. Qc3
Rb8 28. Rxb8+ Qxb8 29. h3 Bb5 30. Bxe5 dxe5 31. Qxc5 a5 32. d6 a4 33. Kh2 f6
34. Qd5+ Kf8 35. Qc5 Bd7 36. Bf1 Qb3 37. Bc4 Qb2 38. Kg2 Qb7 39. Bd5 Qb5 40.
Qc7 Ke8 41. Qa7 Kd8 42. Qa8+ Bc8 43. Bc6 Qa6 44. Qxa6 Bxa6 45. Bxa4 Bc8 46. h4
Bd7 47. Bb3 Bc6 48. f3 Kd7 49. Kf2 Kxd6 50. Ke3 Kc5 51. f4 h6 52. Bf7 g5 53.
hxg5 hxg5 54. fxg5 fxg5 55. Bg8 Ba4 56. Be6 Kb4 57. Bd5 Kc3 58. Be6 Bd1 59. Bd7
Bh5 60. Ba4 Bg4 61. Bb5 Bc8 62. Bc6 Bh3 63. Be8 Be6 64. Bh5 Kc2 65. Be2 Bd7 66.
Bh5 Bh3 67. Be2 g4 1/2-1/2

[Event "Gausdal Troll Masters"]
[Site "Gausdal, Norway"]
[Date "2003.01.14"]
[Round "9"]
[White "Ohlzon, Nils-Johan"]
[Black "Hammer, Jon Ludvig"]
[Result "1/2-1/2"]
[WhiteElo "2176"]
[BlackElo "1752"]
[PlyCount "64"]
[EventDate "2003.01.??"]
[Source "EeEk"]
[SourceDate "2003.01.08"]

1. e4 e5 2. f4 Nc6 3. Nc3 Bb4 4. Bc4 d6 5. d3 Nf6 6. Nf3 d5 7. exd5 Nxd5 8.
Bxd5 Qxd5 9. O-O Bxc3 10. bxc3 O-O 11. fxe5 Nxe5 12. Nxe5 Qxe5 13. d4 Qd5 14.
Qd3 c5 15. Bf4 Bf5 16. Qg3 cxd4 17. Be5 Bg6 18. Bxd4 f6 19. h4 Rae8 20. Rae1
Qxa2 21. Rxe8 Rxe8 22. h5 Bxh5 23. Rxf6 Bg6 24. Rd6 Qf7 25. Qg5 Qe7 26. Qxe7
Rxe7 27. Bxa7 Bxc2 28. Bd4 Be4 29. Rb6 Bc6 30. Rb2 h6 31. Rf2 Kh7 32. Kh2 Kg6
1/2-1/2

[Event "Gausdal Troll Masters"]
[Site "Gausdal, Norway"]
[Date "2003.01.14"]
[Round "9"]
[White "Unander, Matts"]
[Black "Sander, Rolf"]
[Result "1/2-1/2"]
[WhiteElo "2214"]
[BlackElo "2048"]
[PlyCount "35"]
[EventDate "2003.01.??"]
[Source "EeEk"]
[SourceDate "2003.01.08"]

1. e4 e5 2. Nf3 Nf6 3. Nc3 Nc6 4. d4 exd4 5. Nxd4 Bb4 6. Nxc6 bxc6 7. Bd3 d5 8.
exd5 cxd5 9. O-O O-O 10. Bg5 Be6 11. Qf3 Be7 12. h3 Rb8 13. b3 h6 14. Bf4 Bd6
15. Ne2 c5 16. Rad1 Re8 17. Bxd6 Qxd6 18. c3 1/2-1/2

[Event "Gausdal Troll Masters"]
[Site "Gausdal, Norway"]
[Date "2003.01.14"]
[Round "9"]
[White "Knudsen, Ragnar"]
[Black "Simonsen, Olavur"]
[Result "1/2-1/2"]
[WhiteElo "1817"]
[BlackElo "2265"]
[PlyCount "133"]
[EventDate "2003.01.??"]
[Source "EeEk"]
[SourceDate "2003.01.08"]

1. Nf3 Nc6 2. g3 d5 3. Bg2 Bg4 4. d4 Qd7 5. h3 Bf5 6. c3 e6 7. Nbd2 Nf6 8. Nh4
Be4 9. Nxe4 Nxe4 10. Qd3 f5 11. Nf3 Bd6 12. Bf4 O-O 13. e3 Na5 14. Bxd6 cxd6
15. Nd2 Nxd2 16. Qxd2 Rfc8 17. Bf1 Nc4 18. Bxc4 Rxc4 19. O-O Rac8 20. Qe2 b5
21. a3 a5 22. g4 Qf7 23. gxf5 Qxf5 24. Qg4 g6 25. Kh2 R8c7 26. Qxf5 exf5 27.
Kg3 Kf7 28. f4 Ke6 29. h4 Rg7 30. Kf3 Kf6 31. Rg1 Rcc7 32. Rg2 Rce7 33. Rag1
Re8 34. Ke2 Rge7 35. Rg3 b4 36. axb4 axb4 37. cxb4 Rb8 38. R3g2 Rxb4 39. Kf3
Reb7 40. Rb1 Rb3 41. Rc2 R7b4 42. Rd2 Ke6 43. h5 Kf6 44. hxg6 hxg6 45. Rc1 Rc4
46. Rg1 Rc8 47. Rgg2 Re8 48. Rge2 Re4 49. Kf2 g5 50. fxg5+ Kxg5 51. Rd1 f4 52.
exf4+ Kxf4 53. Rh1 Rxe2+ 54. Kxe2 Rxb2+ 55. Kd3 Rb3+ 56. Kd2 Rf3 57. Re1 Kf5
58. Re8 Rh3 59. Re7 Rh6 60. Re8 Re6 61. Rh8 Re7 62. Kd3 Ke6 63. Rh6+ Kd7 64.
Rh5 Kc6 65. Rh6 Rg7 66. Rh8 Kd7 67. Rh6 1/2-1/2